| 000 | 01177nam a2200301Ia 4500 | ||
|---|---|---|---|
| 003 | GCL | ||
| 008 | 140319s9999 xx 000 0 ara d | ||
| 040 |
_aGCL / _cGCL |
||
| 082 | 0 | 4 |
_aق _b962.031 _bم ت |
| 100 | 1 | _aمحمد صبرى | |
| 245 | 1 | 0 |
_aتاريخ مصر من محمد على الى العصر الحديث / _cمحمد صبرى |
| 260 |
_aالقاهرة : _bمكتبة مدبولى ، _c1991 |
||
| 300 |
_a313 ص ؛ _c24 سم |
||
| 490 |
_aصفحات من تاريخ مصر _v13 |
||
| 650 | 0 | 4 | _aمصر |
| 650 | 0 | 4 | _aالاحوال السياسية |
| 650 | 0 | 4 | _aالسياسة الخارجية |
| 650 | 0 | 4 | _aعباس حلمى الثانى 1914-1892 |
| 650 | 0 | 4 | _aعباس حلمى الاول 1853-1849 |
| 650 | 0 | 4 | _aالخديوى سعيد |
| 650 | 0 | 4 | _aالخديوى توفيق (1879 - 1892) |
| 650 | 0 | 4 | _aابراهيم باشا |
| 650 | 0 | 4 | _aالاحتلال البريطانى |
| 650 | 0 | 4 | _aمصر - تاريخ - العصر الحديث - عصر محمد على ( 1805- 1849 م ) |
| 650 | 0 | 4 | _aالخديوى اسماعيل |
| 650 | 0 | 4 | _aمصر - تاريخ - العصر الحديث - الثورة العرابية |
| 942 |
_2ddc _cBK |
||
| 999 |
_c52978 _d52978 |
||